[Event "Nord West Cup 05th"]
[Site "Bad Zwischenahn"]
[Date "2003.??.??"]
[Round "3"]
[White "Boehme, Arne"]
[Black "Hoppe, Dieter"]
[Result "1-0"]
[WhiteElo "1982"]
[BlackElo "1389"]
[PlyCount "67"]
[EventDate "2003.02.??"]
[EventType "swiss"]
[EventRounds "7"]
[EventCountry "GER"]
[SourceTitle "EXT 2004"]
[Source "ChessBase"]
[SourceDate "2003.11.25"]
[SourceVersion "1"]
[SourceVersionDate "2003.11.25"]
[SourceQuality "1"]

1. e4 e6 2. d4 d5 3. Nc3 c5 4. exd5 exd5 5. Nf3 Nf6 6. Be2 Be7 7. 0-0 0-0 8. Bg5 cxd4 9. Nxd4 Nc6 10. Bf3 h6 11. Bh4 Ne5 12. Re1 Nxf3+ 13. Qxf3 Bg4 14. Qd3 a6 15. h3 Bh5 16. Nf5 Bb4 17. Bxf6 Qxf6 18. Nxd5 Qxb2 19. Rab1 Qa3 20. Nxb4 Qxd3 21. Nxd3 b5 22. Ne7+ Kh7 23. f4 f6 24. g4 Bf7 25. a3 Rfd8 26. Rbd1 Rd4 27. Nf5 Ra4 28. Re7 Rf8 29. Nc5 Rxa3 30. Nd7 Rc8 31. Rxf7 Rxh3 32. Rxg7+ Kh8 33. Nxf6 Rg3+ 34. Kh2 1-0

[Event "Nord West Cup 05th"]
[Site "Bad Zwischenahn"]
[Date "2003.??.??"]
[Round "7"]
[White "Reininga, Jannes"]
[Black "Hoppe, Dieter"]
[Result "1-0"]
[WhiteElo "1630"]
[BlackElo "1389"]
[PlyCount "86"]
[EventDate "2003.02.??"]
[EventType "swiss"]
[EventRounds "7"]
[EventCountry "GER"]
[SourceTitle "EXT 2004"]
[Source "ChessBase"]
[SourceDate "2003.11.25"]
[SourceVersion "1"]
[SourceVersionDate "2003.11.25"]
[SourceQuality "1"]

1. d4 d5 2. c4 Nf6 3. cxd5 Qxd5 4. Nc3 Qd8 5. Bg5 e6 6. Nf3 Be7 7. e4 c6 8. Bd3 Nbd7 9. 0-0 h6 10. Bh4 0-0 11. Qe2 Nh7 12. Bxe7 Qxe7 13. Rad1 Nhf6 14. Rfe1 Nb6 15. Bc2 Re8 16. Qd3 g6 17. Ne5 Nfd7 18. Ng4 Kg7 19. e5 Nd5 20. Ne4 Rh8 21. Nd6 h5 22. Ne3 Qg5 23. Nxd5 cxd5 24. Re3 Rf8 25. Rg3 Qh6 26. Nxf7 Kxf7 27. Rxg6 Qf4 28. Rg7+ Ke8 29. Rf1 Qh6 30. Rg6 Qf4 31. Rxe6+ Kd8 32. Rd6 Kc7 33. Qa3 Qf7 34. Ba4 Kb8 35. e6 Qg7 36. exd7 Qe7 37. dxc8Q+ Rxc8 38. Rd7 Qxa3 39. bxa3 a6 40. Rxd5 b5 41. Bb3 Ra7 42. f4 Rac7 43. Rxh5 Rf8 1-0